Malajsie Atlas Ekonoma

Politická situácia. Hospodárska situácia. Mena. Zahraničný obchod. Obchod bývalého Československa s Malajziou.

Guardado en:
Detalles Bibliográficos
Autor principal: Hálek, J.
Formato: Capítulo de libro
Lenguaje:checo
Materias:
Etiquetas: Agregar Etiqueta
Sin Etiquetas, Sea el primero en etiquetar este registro!

MARC

LEADER 00000naa a2200000 4500
001 r015621
005 20221205085959.0
041 0 |a cze 
044 |a CZ 
245 1 0 |a Malajsie  |b Atlas Ekonoma  |c J. Hálek 
520 |a Politická situácia. Hospodárska situácia. Mena. Zahraničný obchod. Obchod bývalého Československa s Malajziou. 
610 2 0 |a politika vnútorná 
610 2 0 |a situácia hospodárska 
610 2 0 |a mena 
610 2 0 |a obchod zahraničný 
610 2 0 |a ČSFR 
610 2 0 |a Malajzia 
100 1 |a Hálek, J.